000 00459nam a2200169Ia 4500
008 230718s9999 xx 000 0 und d
020 _a9788120340244
041 _aeng
082 _a005.12
_bCHA
100 _aChattopadhyay S.
_9118564
245 _aEmbedded System Design
260 _c2010
_bPHI Learning Pub.
300 _a186
365 _cRs.
_b175.00
700 _aChattopadhyay S.
_9118564
906 _dO:0095626-Jul-2010B:445721-Jun-2010
_cCOMP
_b35
999 _c325300
_d325300